Money, trade, and economic growth : (Record no. 1895)
[ view plain ]
| 000 -LEADER | |
|---|---|
| fixed length control field | 00719cam a22002411 4500 |
| 001 - CONTROL NUMBER | |
| control field | 1895 |
| 003 - CONTROL NUMBER IDENTIFIER | |
| rucl marc code | BD-RjUL |
| 005 - DATE AND TIME OF LATEST TRANSACTION | |
| control field | 20211208233433.0 |
| 008 - FIXED-LENGTH DATA ELEMENTS--GENERAL INFORMATION | |
| fixed length control field | 750409r19591951xx 001 0 engs |
| 035 ## - SYSTEM CONTROL NUMBER | |
| System control number | (BD-RjUL)1922 |
| System control number | (OCoLC)1262883 |
| 040 ## - CATALOGING SOURCE | |
| Original cataloging agency | DLC |
| Transcribing agency | TxShA |
| Modifying agency | Uk |
| -- | DLC |
| -- | BD-RjUL |
| Language of cataloging | eng |
| 041 ## - LANGUAGE CODE | |
| Language code of text/sound track or separate title | eng |
| 082 ## - DEWEY DECIMAL CLASSIFICATION NUMBER | |
| Classification number | 330.1 |
| Edition number | 21 |
| Author mark and year | WIM 1959 |
| 100 ## - MAIN ENTRY--PERSONAL NAME | |
| Personal name | Williams, John Henry |
| 9 (RLIN) | 6255 |
| 245 00 - TITLE STATEMENT | |
| Title | Money, trade, and economic growth : |
| Remainder of title | in honor of John Henry Williams / |
| Statement of responsibility, etc. | John Henry Williams |
| 260 ## - PUBLICATION, DISTRIBUTION, ETC. (IMPRINT) | |
| Place of publication, distribution, etc. | New York : |
| Name of publisher, distributor, etc. | Macmillan, |
| Date of publication, distribution, etc. | c1951 [Printed 1959]. |
| 300 ## - PHYSICAL DESCRIPTION | |
| Pagination | xi, 343 p. : |
| Illustrations | ill ; |
| Size | 23 cm. |
| 500 ## - GENERAL NOTE | |
| General note | Includes index. |
| 650 #0 - SUBJECT ADDED ENTRY--TOPICAL TERM | |
| Topical term or geographic name as entry element | Economic policy |
| 9 (RLIN) | 6256 |
| 942 ## - ADDED ENTRY ELEMENTS (KOHA) | |
| Source of classification or shelving scheme | Dewey Decimal Classification |
| Koha item type | Books |
| Lost status | Source of classification or shelving scheme | Damaged status | Not for loan | Collection code | Permanent Location | Current Location | Shelving location | Date acquired | Source of acquisition | Cost, normal purchase price | Total Checkouts | Full call number | Date last seen | Copy number | Koha item type |
|---|---|---|---|---|---|---|---|---|---|---|---|---|---|---|---|
| Dewey Decimal Classification | Non-fiction | Central Library, University of Rajshahi | Central Library, University of Rajshahi | 24/01/1963 | Zeithlinger. | 45.00 | 330.1 WIM 1959 | 09/12/2013 | C-2 | Books | |||||
| Dewey Decimal Classification | Non-fiction | Central Library, University of Rajshahi | Central Library, University of Rajshahi | 04/04/1957 | Simpkim Marshall | 15.00 | 330.1 WIM 1951 | 19/06/2016 | C-3 | Books | |||||
| Dewey Decimal Classification | Non-fiction | Central Library, University of Rajshahi | Central Library, University of Rajshahi | 24/01/1963 | Zeithlinger | 45.00 | 330.1 WIM 1959 | 19/06/2016 | C-4 | Books | |||||
| Dewey Decimal Classification | Non-fiction | Central Library, University of Rajshahi | Central Library, University of Rajshahi | 24/01/1963 | Zeithlinger | 45.00 | 330.1 WIM 1959 | 30/08/2016 | C-5 | Books |